Soprannomi nazionali di calcio - Europa - Statistics

Statistiche generali
  • Questo quiz è stato fatto 121 volte
  • Il punteggio medio è 9 su 23
Statistiche sulle risposte
Soprannome Squadra % Corretto
Azzurri Italia
100%
le Furie Rosse Spagna
86%
Arancioni Olanda
77%
Die Mannschaft ("La Squadra") Germania
75%
i Blu Francia
65%
Tre Leoni Inghilterra
61%
i Diavoli Rossi Belgio
56%
Squadra giallo-blu Ucraina
53%
i Magiari Ungheria
47%
Rossocrociati Svizzera
40%
gli Scaccati Croazia
39%
Das Team ("La Squadra") Austria
35%
Luna e stelle Turchia
34%
Бели Орлови ("Aquile Bianche") Serbia
22%
Biancorossi Danimarca
20%
Białe Orły ("le Aquile Bianche") Polonia
19%
Rossoneri Albania
14%
Armata dei Tartan Scozia
14%
La Selezione dei Cinque Portogallo
10%
Crociati Georgia
5%
Tricolori Romania
5%
i Falchi Slovacchia
4%
i Piccoli Leoni Repubblica Ceca
0%
Nessun quiz corrispondente trovato
Distribuzione punteggi
Percentuale di utenti per punteggio
Percentile per numero di risposta
I tuoi punteggi nel tempo
Non hai fatto questo quiz